000 00610nam a2200205Ia 4500
005 20250508165002.0
008 008 250505s9999 xx 000 0 eng d
020 _a81-7824-086-6
037 _aTextual
040 _aFEDL
_beng
_cFEDL
041 _aeng
_2eng
084 _a891.1, ORS
_qFEDL
100 _aOrsini Francesca
245 0 _aPrint and pleasure: Popular literature and entertaining fictions in Colonial North India
260 _aRanikhet, India
_bPermanent Black
_c2009
300 _axiii,310p.
365 _aINR
_b695
942 _cTEXL
_h891.1, ORS
999 _c1392486
_d1392486